000 00364nam a2200133Ia 4500
008 191201s2008 xx 000 0 und d
082 _a658.804
_bCHP
100 _aCHANDRA, Prasanna
245 0 _aProjects: Planning, Analysis, Selection, Financing, Implementation and Review
260 _aN.Delhi
_bTMH
_c2008
300 _amisc.
650 _aMBA
942 _2ddc
_cBK
999 _c3899
_d3899